LIBRARY & INFORMATION CENTRE, KCAET, TAVANUR

ONLINE PUBLIC ACCESS CATALOGUE (OPAC)

DEVELOPMENT AND PERFORMANCE EVALUATION OF SELF-PROPELLED PADDY SEEDER (Record no. 17713)

MARC details
000 -LEADER
fixed length control field 00439nam a22001457a 4500
003 - CONTROL NUMBER IDENTIFIER
control field OSt
082 ## - DEWEY DECIMAL CLASSIFICATION NUMBER
Classification number 631.3
Item number FAT
088 ## - REPORT NUMBER
Report number 575
100 ## - MAIN ENTRY--AUTHOR NAME
Personal name FATHIMA RANA T
-- AARIFF.S
-- NADHIYA C
-- ANUSREE. S KUMAR
245 ## - TITLE STATEMENT
Title DEVELOPMENT AND PERFORMANCE EVALUATION OF SELF-PROPELLED PADDY SEEDER
260 ## - PUBLICATION, DISTRIBUTION, ETC. (IMPRINT)
Place of publication TAVANUR
Name of publisher DEPARTMENT OF FARM MACHINERY AND POER ENGINEERING
Year of publication 2023
300 ## - PHYSICAL DESCRIPTION
Number of Pages 48
700 ## - ADDED ENTRY--PERSONAL NAME
Personal name PREMAN PS(Guide)
942 ## - ADDED ENTRY ELEMENTS (KOHA)
Koha item type Project Report
Holdings
Collection code Home library Current library Full call number Accession Number Koha item type
Reference KAUAET KAUAET 631.37FAT P 575 Project Report
free website counter